000 00881nam a2200265Ia 4500
003 OSt
005 20220923230957.0
006 a|||||r|||| 00| 0
007 ta
008 220922b |||||||| |||| 00| 0 hin d
024 _a327,485
037 _cTextual
040 _aARTS
_cARTS
_bhin
041 _2hin
_ahin
082 _aO152,3N30,NM, M4
100 _aजगदीश चंद्र, ले.
245 0 _aनरककुंड में बास
246 _aNarakakuanḍa mean bāsa
260 _aनयी दिल्ली
_b राजकमल प्रकाशन
_c1984
300 _a311पृ.
_ccm.
650 _a हिन्दी साहित्य
_9156264
650 _aहिन्दी कहानी
942 _hO152,3N30,NM, M4
_cTEXL
_2CC
999 _c388543
_d388543